00798 2200169 4500245004100000020002200041250001200063100001800075650001700093005001900110260004200129041001400171084001100185300002300196500040000219336000900619 aCantik itu LukacEka KurniawanhText a978-602-03-1258-3 aCet. 20 aEka Kurniawan aNovel Remaja a20250304091541 aJakartabGramedia Pustaka Utamac2020 aIndonesia a808.83 a505 hlm. :c19 cm. aDi satu sore, seorang perempuan bangkit dari kuburannya setelah dua puluh satu tahun kematian. Kebangkitannya menguak kutukan dan tragedi keluarganya, yang terentang sejak akhir masa kolonial. Perpaduan antara epik keluarga yang dibalut roman, kisah hantu, kekejaman politik, mitologi, dan petualangan. Dari kekasih yang lenyap ditelan kabut hingga seorang ibu yang menginginkan bayi buruk rupa. atext